Protocolo y etiqueta Saber estar y saber comportarse

Detalles Bibliográficos
Formato: eBook
Lenguaje:español
Publicado: Bogot:̀ Ediciones de la U, 2018
Materias:
Acceso en línea:Acceso restringido

MARC

LEADER 00000nam a22000007a 4500
005 20210513004953.0
007 cr|||| ||||
008 210513s2018 co |||||s|||| 00||0 spa d
020 |a 978-958-762-801-2 
035 |a 33418 
040 |a vLex 
090 |c 11650  |d 11650 
245 0 0 |a Protocolo y etiqueta  |h [Recurso electrn̤ico] :  |b Saber estar y saber comportarse 
256 |a Servicio en ln̕ea 
260 |a Bogot:̀  |b Ediciones de la U,  |c 2018 
300 |a 1 recurso electrn̤ico 
500 |a En Protocolo, hay una regla de oro para tener siempre en cuenta: nada es correcto o incorrecto por s ̕mismo, sino que depende de cm̤o apliquemos una determinada norma en un sitio concreto, de las personas que nos rodeen, de la ceremonia en la que participemos, etc. Tanto en un acto empresarial como en una recepcin̤ social, el Protocolo nos ayudar ̀a utilizar las normas de etiqueta con sentido comn︢ y a adaptarlas al evento. Las normas sociales deben ser abiertas y dinm̀icas para poder mejorar las relaciones entre todos, y deben permitir que nos comportemos de una forma natural. En esta gua̕ encontrar ̀informacin̤ sobre cm̤o ser un buen anfitrin̤, cm̤o elaborar las invitaciones, cul̀es son las normas en la presidencia de un acto o cm̤o poner y decorar la mesa. Tambiň encontrar ̀las pautas para vestir correctamente segn︢ el evento al que vaya o qu ̌regalo es el ms̀ adecuado. 
506 1 |a Disponible solo en los productos indicados  |d vLex Global  |d vLex Global (Academic Edition, excluding Law Schools)  |d vLex Global (U.S. Academic Edition, Law Schools)  |d vLex Global (U.S. Academic Edition, excluding Law Schools)  |d vLex Global (Academic Edition, Law Schools) 
650 0 4 |a Ciencias sociales  |z Colombia 
740 0 |a vLex Libros (Servicio en ln̕ea) 
856 4 0 |u https://vlex.com/source/protocolo-y-etiqueta-saber-estar-y-saber-comportarse-33418  |z Acceso restringido 
942 |c BOOK 
999 0 |a Social Sciences